000 00329nam a22001457a 4500
008 221011b ||||| |||| 00| 0 eng d
020 _a047112205X
041 _aeng
080 _2THIRD EDITION
_a159.2
082 _a159.2 REY
100 _a25.2
101 _aPSI
245 _aSCHOOL PSYCHOLOGY
_cREYNOLDS C
942 _2udc
_cBK
999 _c58485
_d58485